The Politics of Aristotle, (Record no. 131334)
[ view plain ]
| 000 -LEADER | |
|---|---|
| fixed length control field | 00881cam a22002771 4500 |
| 001 - CONTROL NUMBER | |
| control field | 10219606 |
| 003 - CONTROL NUMBER IDENTIFIER | |
| control field | ARRUPE |
| 005 - DATE AND TIME OF LATEST TRANSACTION | |
| control field | 20220504081649.0 |
| 008 - FIXED-LENGTH DATA ELEMENTS--GENERAL INFORMATION | |
| fixed length control field | 721013s1946 enk b 000 0 eng |
| 010 ## - LIBRARY OF CONGRESS CONTROL NUMBER | |
| LC control number | 47000692 |
| 035 ## - SYSTEM CONTROL NUMBER | |
| System control number | (OCoLC)429227 |
| 040 ## - CATALOGING SOURCE | |
| Original cataloging agency | DLC |
| Transcribing agency | OTifH |
| Modifying agency | OCoLC |
| -- | DLC |
| 041 1# - LANGUAGE CODE | |
| Language code of text/sound track or separate title | engund |
| 042 ## - AUTHENTICATION CODE | |
| Authentication code | premarc |
| 050 00 - LIBRARY OF CONGRESS CALL NUMBER | |
| Classification number | JC71.A41 |
| Item number | B3 |
| 082 ## - DEWEY DECIMAL CLASSIFICATION NUMBER | |
| Classification number | 888.5 |
| -- | [320.1] |
| 300 ## - PHYSICAL DESCRIPTION | |
| Dimensions | 23 cm. |
| 100 0# - MAIN ENTRY--PERSONAL NAME | |
| Personal name | Aristotle. |
| 245 14 - TITLE STATEMENT | |
| Title | The Politics of Aristotle, |
| Statement of responsibility, etc | translated, with an introduction, notes and appendixes, by Ernest Barker ... |
| 260 ## - PUBLICATION, DISTRIBUTION, ETC. (IMPRINT) | |
| Place of publication, distribution, etc | Oxford, |
| Name of publisher, distributor, etc | The Clarendon Press, |
| Date of publication, distribution, etc | 1946. |
| 300 ## - PHYSICAL DESCRIPTION | |
| Extent | 2 p. l., [iii]-lxxvi, 411, [1] p. |
| 504 ## - BIBLIOGRAPHY, ETC. NOTE | |
| Bibliography, etc | Includes bibliographical references. |
| 650 #0 - SUBJECT ADDED ENTRY--TOPICAL TERM | |
| Topical term or geographic name as entry element | Political science. |
| 700 1# - ADDED ENTRY--PERSONAL NAME | |
| Personal name | Barker, Ernest, |
| Titles and other words associated with a name | Sir, |
| Dates associated with a name | 1874-1960, |
| Relator term | tr. |
| 9 (RLIN) | 51394 |
| 906 ## - LOCAL DATA ELEMENT F, LDF (RLIN) | |
| a | 7 |
| b | cbc |
| c | oclcrpl |
| d | u |
| e | ncip |
| f | 19 |
| g | y-gencatlg |
| 942 ## - ADDED ENTRY ELEMENTS (KOHA) | |
| Source of classification or shelving scheme | Library of Congress Classification |
| Koha item type | Monograph ( Printed materials) |
| Withdrawn status | Lost status | Source of classification or shelving scheme | Damaged status | Not for loan | Collection code | Home library | Current library | Shelving location | Date acquired | Total Checkouts | Full call number | Barcode | Date last seen | Price effective from | Koha item type |
|---|---|---|---|---|---|---|---|---|---|---|---|---|---|---|---|
| Library of Congress Classification | Main Collection | ARRUPE LIBRARY | ARRUPE LIBRARY | Main Collection | 04/05/2022 | JC71.A41 B3 | 46600008026 | 04/05/2022 | 04/05/2022 | Monograph ( Printed materials) |